| 000 | 00819nam a22002417a 4500 | ||
|---|---|---|---|
| 003 | OSt | ||
| 005 | 20151019134801.0 | ||
| 008 | 130530s2007 sp ||||| |||| 00| 0 cat d | ||
| 020 | _a9788493593308 | ||
| 040 | _cCDMR | ||
| 100 | 1 |
_93591 _aBagaria, Lluís |
|
| 245 | 1 | 3 |
_aLa guerra no fa riure _b: caricatures antifeixistes a La Vanguardia (1936-1938) _cLluís Bagaria ; selecció [...] Jaume Capdevila |
| 260 |
_aBarcelona _bDuxelm _c2007 |
||
| 300 |
_a209 p. _bil. b/n |
||
| 490 | 0 |
_aDuxartis _v3 |
|
| 500 | _aTítol a la coberta: Bagaria, la guerra no fa riure | ||
| 600 | 1 |
_93591 _aBagaria, Lluís _d1882-1940 |
|
| 610 | 2 |
_91150 _aLa Vanguardia (Diari) _y1936-1938 |
|
| 650 | 0 | 4 |
_93084 _aHumorisme gràfic |
| 650 | 0 | 4 |
_93196 _aEspanya _xHistòria _y1936-1939, Guerra Civil |
| 700 | 1 |
_91346 _aKap _eed. |
|
| 942 |
_2udc _cMON |
||
| 999 |
_c6353 _d6353 |
||